Monkeys and Apes - Picture Click Quiz - Statistics

General Stats
  • This quiz has been taken 3,332 times
  • The average score is 9 of 16
Answer Stats
Hint Extra Hint Answer % Correct
Human
Homo sapiens
95%
Western Lowland Gorilla
Gorilla gorilla gorilla
94%
Chimpanzee
Pan troglodytes
94%
Bornean orangutan
Pongo pygmaeus
90%
Proboscis monkey
Nasalis larvatus
69%
Mandrill
Mandrillus sphinx
64%
Japanese macaque
Macaca fuscata
60%
Black-headed spider monkey
Ateles fusciceps
58%
Squirrel monkey
Saimiri sciureus
57%
Golden snub-nosed monkey
Rhinopithecus roxellana
51%
Olive baboon
Papio anubis
49%
Lar Gibbon
Hylobates lar
46%
Common marmoset
Callithrix jacchus
39%
Emperor tamarin
Saguinus imperator
31%
Gelada
Theropithecus gelada
26%
Tufted capuchin
Sapajus apella
23%
No matching quizzes found
Score Distribution
Percent of People with Each Score
Percentile by Number Answered
Your Score History
You have not taken this quiz